Statystyki dla Wydarzenia w historii Niemiec

Kliknij tutaj aby rozwiązać quiz!

Ogólne statystyki

  • Ten quiz został rozwiązany 50 razy
  • Średni wynik to 20 z 38

Statystyki odpowiedzi

WydarzenieRok% Poprawnych
Kapitulacja Niemiec koniec 1 wojny światowej1918
86%
Przejęcie włady przez Hitlera1933
84%
Inwazja na Polskę początek 2 Wojny światowej1939
84%
Upadek Berlina i Samobójstwo Hitlera1945
84%
Początek I Wojny Światowej1914
82%
Atak na ZSRR1941
82%
Porażka pod Stalingradem1943
82%
Ponowe Zjednoczenie Niemiec1990
80%
Traktat Wersalski1919
77%
Przegrane w Bitwie pod Verdun1916
73%
Podział Niemiec1947
73%
Zburzenie Muru Berlińskiego1989
73%
I Rozbiór Polski1772
70%
III Rozbiór Polski. Polska znika z mapy1795
70%
II Rozbiór Polski i Przejęcie Gdańska1792
66%
Angela Merkel kanclerzem2005
66%
Przyjęcie EURO jako walutę2002
64%
Bitwa pod Waterlo1815
61%
Przystąpienie niemiec do EWWiS1952
61%
Wybudowanie Muru Berlińskiego1961
61%
Przystąpienie Niemiec do NATO1955
59%
Bitwa Narodów pod Lipskiem1814
50%
Wojna z Mieszkiem I972
48%
Zjednoczenie Niemiec1871
45%
Inwazja Napoleona na Niemcy1806
43%
Wojna Prusko Francuska1870
39%
Traktat w Tylży1807
36%
Pocztek reformacji i Luteranizmu1517
30%
Otoo von Bismarck zostaje kanclerzem1867
30%
Rozpoczęcie wojny Trzydziestoletniej1618
25%
Początek wojny niemiecko-polskiej1002
23%
Utworzenie Świętego Cesarstwa Rzymskiego962
20%
Podpisanie pokoju Augsburskiego1555
18%
Koronacja Fryderyka I Hohenzorelna na Króla Prus1701
11%
Spór o inwestyturę z papieżem1075
5%
Wydanie Złotej Bulli1356
2%
Początek Wielkiego Bezkrólewia1250
0%
Przejęcie władzy przez Luksemburgów1346
0%

Rozkład punktacji

Percentyl według liczby udzielonych odpowiedzi

Procent ludzi z każdym wynikiem

Twoja historia wyników

Nie rozwiązałeś tego quizu